Formy financovania podnikov bakalárska práca

Guardado en:
Detalles Bibliográficos
Autor principal: Kissová, Veronika
Autor Corporativo: Národohospodárska fakulta EU. Katedra financií
Otros Autores: Jančovičová, Kristína, 1979-
Formato: Libro
Lenguaje:eslovaco
Publicado: Bratislava 2009
Etiquetas: Agregar Etiqueta
Sin Etiquetas, Sea el primero en etiquetar este registro!

MARC

LEADER 00000nam$a2200000$$$4500
001 0103073
005 20240318141339.4
041 0 |a slo 
044 |a SK 
245 1 0 |a Formy financovania podnikov  |b bakalárska práca  |c Veronika Kissová ; škol. Kristína Jančovičová 
264 1 |a Bratislava  |c 2009 
300 |a 40 s. 
100 1 |a Kissová, Veronika 
700 1 |a Jančovičová, Kristína, 1979- 
710 2 |a Národohospodárska fakulta EU. Katedra financií